01267nib a2200289ua 4500001001000000003000400010005001700014007001000031008004100041040001300082041000800095043001200103082002300115100002900138245010300167260004700270300006100317490003000378505008900408505001900497508012900516518005100645600009800696650007500794650005500869650005300924000083490OSt20230919151556.0vducgaiz 170809s2003 ck 061|e| |s| z|spa|d cCO-MqBPB aspa as-ck---04a860.556 bT67e221 aTorres Mariño, Vicente10aLa ensoñación poética en la obra de Margarite Yourcenar :b[disco sonoro] /cVicente Torres. aBogotá :bCasa de Poesía Silva,c2003. a1 disco compacto :bsonidoe(61 minutos aproximadamente) 0aVoces para el tiempov556 t(Presentación ciclo de conferencias y de Vicente Torres)rPedro Alejo Gómez Vila rVicente Torres aProyecto, realización y diseños Pedro Alejo Gómez Vila ; digitalización y edición sonora Luis Guillermo Aza Torres aConferencia realizada el 16 de octubre de 2003 aYourcenar, Marguerited1903-1987xCrítica e interpretaciónvCongresos, conferencias, etc.14aPoesía francesaxHistoria y críticavCongresos, conferencias, etc.24aLiteratura francesavCongresos, conferencias, etc.24aLectura de poemasvCongresos, conferencias, etc.